Návrh a realizácia informačného systému pre riadenie stredného podniku

Salvato in:
Dettagli Bibliografici
Autore principale: Papp, Adam (Autore)
Altri autori: Juhásová, Bohuslava (Relatore della tesi)
Natura: Manoscritto Libro
Lingua:slovacco
Pubblicazione: 2022
Soggetti:
Accesso online:http://is.stuba.sk/zp/portal_zp.pl?podrobnosti=164161
Tags: Aggiungi Tag
Nessun Tag, puoi essere il primo ad aggiungerne!!

MARC

LEADER 00000ntm a22000003a 4500
001 stuzp89116
003 SK-STU
005 20220611211813.3
007 ta
008 150427s2015----xo-----f-mn---000-0-slo-d
040 |a STU  |b slo 
041 0 |a slo 
100 1 |a Papp, Adam  |u 066000  |k Z4  |4 aut  |U MTF Materiálovotechnologická fakulta  |T MTF Ústav aplikovanej informatiky, automatizácie a mechatroniky  |X 93977  |U M6000  |Y 86  |7 93977 
242 0 1 |a Design and implementation of an information system for medium-sized enterprise management  |y eng 
245 1 0 |a Návrh a realizácia informačného systému pre riadenie stredného podniku 
260 |c 2022 
650 4 |a PHP  |2 slo 
650 4 |a MySQL  |2 slo 
650 4 |a Informačný systém  |2 slo 
650 4 |a CSS  |2 slo 
650 4 |a TWIG  |2 slo 
650 4 |a Composer  |2 slo 
650 4 |a JavaScript  |2 slo 
650 4 |a PHP  |2 eng 
650 4 |a MySQL  |2 eng 
650 4 |a Information system  |2 eng 
650 4 |a CSS  |2 eng 
650 4 |a TWIG  |2 eng 
650 4 |a Composer  |2 eng 
650 4 |a JavaScript  |2 eng 
700 1 |a Juhásová, Bohuslava  |u 066000  |k Z1  |4 ths  |U MTF Materiálovotechnologická fakulta  |T MTF Ústav aplikovanej informatiky, automatizácie a mechatroniky  |X 201  |U M6000  |Y 86  |7 A000000201 
856 4 |u http://is.stuba.sk/zp/portal_zp.pl?podrobnosti=164161 
996 |c M* DP-14995  |l MMSKP  |s P  |a 0  |w stuzp89116_0001